| 000 | 00541nam a22001577a 4500 | ||
|---|---|---|---|
| 999 |
_c3957 _d3957 |
||
| 008 | 200708b ||||| |||| 00| 0 eng d | ||
| 082 | 0 | 0 |
_a621.3133 _bD743 |
| 100 |
_9503 _aDover, A.T. |
||
| 245 | 1 | 0 |
_aTheory and practice of alternating currents: General Principles, circuits, instruments, measurements transformers, machines symmetrical components _cby A. T. Dover |
| 250 | _a3rd ed. | ||
| 260 |
_aLondon _bSir Isaac Pitman & Sons _c1947 |
||
| 300 | _axvi,591p. | ||
| 365 | _d36.00 | ||
| 650 | 0 | _aAlternating Electric Currents | |
| 942 | _cBK | ||